[Event "SW Summer Major"]
[Site "Penarth"]
[Date "2017.09.01"]
[Round "1.1"]
[White "Lewis, David"]
[Black "Livermore, Richard"]
[Result "0-1"]
[WhiteElo "1691"]
[BlackElo "1697"]
[PlyCount "80"]
[EventDate "2017.09.01"]
[EventCountry "WLS"]
[SourceDate "2017.09.07"]

1. d4 Nf6 2. c4 c5 3. Nf3 d6 4. Nc3 cxd4 5. Nxd4 Nc6 6. e4 g6 7. Be2 Bg7 8. Be3
O-O 9. O-O Bd7 10. f4 e5 11. Ndb5 exf4 12. Bxf4 Ne8 13. Kh1 a6 14. Nxd6 Bxc3
15. bxc3 Nxd6 16. Qxd6 Qe7 17. Rad1 Qxd6 18. Rxd6 Be6 19. Rb1 Na5 20. c5 Rac8
21. Rdb6 Rfe8 22. c6 Nxc6 23. Rxb7 Na5 24. Rc7 Bxa2 25. Ra1 Bc4 26. Rxc8 Rxc8
27. Bg4 Rc5 28. Be3 Re5 29. Bd4 Rxe4 30. Bf3 Nb3 31. Bxe4 Nxa1 32. Kg1 a5 33.
Bc6 Bb3 34. Kf2 a4 35. Bc5 Nc2 36. Be4 a3 37. Bxa3 Nxa3 38. Ke3 Nc4+ 39. Kd4
Nd6 40. Bd5 Nb5+ 0-1

[Event "SW Summer Major"]
[Site "Penarth"]
[Date "2017.09.01"]
[Round "1.2"]
[White "Macneil, Elliott"]
[Black "Watkins, Peter"]
[Result "1/2-1/2"]
[WhiteElo "1625"]
[BlackElo "1314"]
[PlyCount "90"]
[EventDate "2017.09.01"]
[EventCountry "WLS"]
[SourceDate "2017.09.07"]

1. d4 d5 2. Bf4 Nf6 3. e3 e6 4. Nf3 Nbd7 5. Bd3 g6 6. Nbd2 Bg7 7. h3 c5 8. c3
cxd4 9. exd4 O-O 10. O-O b6 11. Re1 Bb7 12. a4 Re8 13. Qc2 Rc8 14. Ne5 Nxe5 15.
Bxe5 Nd7 16. Bxg7 Kxg7 17. Nf3 Qc7 18. Bb5 Bc6 19. Bxc6 Qxc6 20. Ne5 Nxe5 21.
Rxe5 f6 22. Re2 e5 23. dxe5 Rxe5 24. Rae1 Rce8 25. f4 Rxe2 26. Rxe2 Rxe2 27.
Qxe2 Kf7 28. Qa6 Qd7 29. Kf2 Qe7 30. Qb5 Qe6 31. b4 Qd6 32. Kf3 Qe6 33. Qd3 f5
34. Qd4 Qe4+ 35. Kg3 Qxd4 36. cxd4 Kf6 37. Kf3 a6 38. g4 h6 39. Kg3 g5 40.
fxg5+ hxg5 41. gxf5 Kxf5 42. Kf3 Kf6 43. Kg4 Kg6 44. Kf3 Kf6 45. Kg4 Kg6
1/2-1/2

[Event "SW Summer Major"]
[Site "Penarth"]
[Date "2017.09.01"]
[Round "1.3"]
[White "Dantu, Sridatta"]
[Black "Jeanes, Andrew"]
[Result "0-1"]
[WhiteElo "905"]
[BlackElo "1622"]
[PlyCount "62"]
[EventDate "2017.09.01"]
[EventCountry "WLS"]
[SourceDate "2017.09.07"]

1. e4 c6 2. d4 d5 3. Nc3 dxe4 4. Nxe4 Bf5 5. Nc3 Nf6 6. Be2 e6 7. Nf3 Be7 8.
O-O O-O 9. Bf4 Nbd7 10. Qd2 Nd5 11. Nxd5 cxd5 12. Ne5 Rc8 13. Rac1 Nf6 14. Bf3
Qb6 15. b3 Ba3 16. Rce1 Rxc2 17. Qe3 Rfc8 18. Rd1 R8c3 19. Nd3 Ne4 20. Rfe1
Nxf2 21. Rb1 Rxd3 22. Qe5 Rdc3 23. Re3 Rc8 24. Re2 Rxe2 25. Qxe2 Bxb1 26. Qxf2
Rc2 27. Qg3 Qxd4+ 28. Kf1 Qd3+ 29. Ke1 Bb4+ 30. Bd2 Bxd2+ 31. Kd1 Bc3# 0-1

[Event "SW Summer Major"]
[Site "Penarth"]
[Date "2017.09.02"]
[Round "2.1"]
[White "Jones, Jeremy"]
[Black "Livermore, Richard"]
[Result "1/2-1/2"]
[WhiteElo "1536"]
[BlackElo "1697"]
[PlyCount "118"]
[EventDate "2017.09.01"]
[EventCountry "WLS"]
[SourceDate "2017.09.07"]

1. d4 d5 2. Nf3 Nf6 3. e3 Bf5 4. Bd3 e6 5. Bxf5 exf5 6. O-O Bd6 7. Nc3 c6 8.
Ne5 Bxe5 9. dxe5 Ne4 10. Qf3 Qa5 11. Qxf5 Nxc3 12. Qc8+ Qd8 13. Qxd8+ Kxd8 14.
bxc3 Nd7 15. f4 Nc5 16. Rd1 Ne4 17. c4 Nc3 18. Rd3 Ne2+ 19. Kf2 Nxc1 20. Rxc1
Ke7 21. cxd5 cxd5 22. Rxd5 Rac8 23. Ke2 Rc3 24. Rd3 Rhc8 25. Rxc3 Rxc3 26. Kd2
Ra3 27. Ra1 Ke6 28. e4 f6 29. exf6 gxf6 30. c3 Ra4 31. Kd3 f5 32. exf5+ Kxf5
33. g3 h5 34. Re1 Rxa2 35. Re5+ Kg6 36. Rg5+ Kh6 37. h4 a5 38. f5 a4 39. Rg6+
Kh7 40. Rb6 a3 41. Rxb7+ Kg8 42. Ra7 Ra1 43. Kc2 a2 44. Kb2 Rg1 45. Kxa2 Rxg3
46. c4 Rf3 47. Ra5 Rf4 48. c5 Rxf5 49. Ra8+ Kf7 50. c6 Rc5 51. Ra7+ Ke8 52. c7
Kd7 53. Kb3 Rxc7 54. Ra5 Ke6 55. Rxh5 Kf6 56. Rh6+ Kg7 57. Rd6 Kh7 58. Kb4 Rc1
59. h5 Rh1 1/2-1/2

[Event "SW Summer Major"]
[Site "Penarth"]
[Date "2017.09.02"]
[Round "2.2"]
[White "Jeanes, Andrew"]
[Black "Stuart, Neil"]
[Result "1/2-1/2"]
[WhiteElo "1622"]
[BlackElo "1689"]
[PlyCount "86"]
[EventDate "2017.09.01"]
[EventCountry "WLS"]
[SourceDate "2017.09.07"]

1. c4 Nf6 2. Nc3 c6 3. d3 d5 4. cxd5 cxd5 5. d4 Nc6 6. Bf4 a6 7. e3 e6 8. a3
Be7 9. Nf3 O-O 10. Bd3 Bd7 11. O-O Rc8 12. Rc1 b5 13. b4 Qb6 14. Qe2 Rfd8 15.
h3 Be8 16. Qb2 Bf8 17. Rc2 Ne7 18. Rfc1 Ng6 19. Bh2 Bd7 20. Nb1 Be7 21. Bc7
Rxc7 22. Rxc7 Bd6 23. R7c2 Qb8 24. Nbd2 Ne8 25. Bxg6 hxg6 26. Nb3 Nf6 27. Nc5
Bc8 28. Ne5 Re8 29. f4 Ne4 30. Nxe4 dxe4 31. Rc3 Bb7 32. Qc2 Qd8 33. Nc6 Qh4
34. Qf2 Qf6 35. Na5 Bd5 36. Rc8 Qe7 37. Rxe8+ Qxe8 38. Qc2 Kh7 39. Qc8 Qe7 40.
Qc2 g5 41. fxg5 Qxg5 42. Qf2 e5 43. dxe5 Bxe5 1/2-1/2

[Event "SW Summer Major"]
[Site "Penarth"]
[Date "2017.09.02"]
[Round "2.3"]
[White "Davies, Gareth"]
[Black "Fraser, Susanna"]
[Result "0-1"]
[WhiteElo "1365"]
[BlackElo "1655"]
[PlyCount "78"]
[EventDate "2017.09.01"]
[EventCountry "WLS"]
[SourceDate "2017.09.07"]

1. d4 d5 2. Bf4 Nf6 3. e3 e6 4. Nf3 Be7 5. h3 Nbd7 6. Nbd2 c5 7. c3 b6 8. Be2
Bb7 9. Rc1 O-O 10. O-O Rc8 11. Re1 c4 12. b3 b5 13. Nb1 cxb3 14. axb3 a6 15.
Nfd2 Qb6 16. Kh1 Rc6 17. Bd3 Rfc8 18. f3 Bb4 19. c4 Bxd2 20. Qxd2 bxc4 21. bxc4
dxc4 22. Bf1 Nd5 23. Nc3 Nxc3 24. Rxc3 Qb4 25. Qc2 Nb6 26. Rb1 Qe7 27. e4 h6
28. Be3 Qd6 29. Rc1 R6c7 30. Ra1 Ra8 31. Rc1 Rac8 32. Ra1 Qb4 33. Rb1 Qa5 34.
Rc1 Bc6 35. Bd2 Qh5 36. Bxc4 Nxc4 37. Rxc4 Bxe4 38. fxe4 Rxc4 39. Qxc4 Rxc4 0-1

[Event "SW Summer Major"]
[Site "Penarth"]
[Date "2017.09.02"]
[Round "2.4"]
[White "Chung, Daniel"]
[Black "Macneil, Elliott"]
[Result "0-1"]
[WhiteElo "1261"]
[BlackElo "1625"]
[PlyCount "92"]
[EventDate "2017.09.01"]
[EventCountry "WLS"]
[SourceDate "2017.09.07"]

1. d4 f5 2. c4 Nf6 3. Nc3 g6 4. e3 Bg7 5. Nf3 d6 6. Bd2 O-O 7. Bd3 Nc6 8. O-O
e5 9. Bc2 a5 10. a3 h6 11. Qe2 g5 12. d5 Nb8 13. e4 f4 14. Rfe1 Nh7 15. Bc1 g4
16. Nd2 Qh4 17. Nf1 Ng5 18. Qd3 Na6 19. Na4 Bd7 20. Qc3 f3 21. Bxg5 Qxg5 22. g3
Qh5 23. b3 Qh3 24. Ne3 Bxa4 25. bxa4 Nc5 26. Red1 Bf6 27. Qe1 Bg5 28. Qf1 Bxe3
29. Qxh3 Bxf2+ 30. Kxf2 gxh3 31. Rf1 Rf7 32. Ke3 Raf8 33. Rf2 Nd7 34. Raf1 Nf6
35. Kd3 Ng4 36. Rd2 f2 37. Rdd1 Nxh2 38. Ke2 Nxf1 39. Kxf1 h2 40. Kg2 f1=Q+ 41.
Rxf1 Rxf1 42. Kxh2 R1f2+ 43. Kh3 Rxc2 44. Kh4 Kg7 45. Kh5 Rf1 46. Kg4 Kg6 0-1

[Event "SW Summer Major"]
[Site "Penarth"]
[Date "2017.09.02"]
[Round "2.5"]
[White "Watkins, Peter"]
[Black "Choo Yin, Kam"]
[Result "1/2-1/2"]
[WhiteElo "1314"]
[BlackElo "1616"]
[PlyCount "71"]
[EventDate "2017.09.01"]
[EventCountry "WLS"]
[SourceDate "2017.09.07"]

1. e4 c5 2. Nf3 Nc6 3. d4 cxd4 4. Nxd4 g6 5. Be3 Bg7 6. Nc3 Nf6 7. Be2 d5 8.
exd5 Nxd5 9. Nxd5 Qxd5 10. Bf3 Qa5+ 11. c3 Ne5 12. O-O O-O 13. Be2 Rd8 14. Qc2
Ng4 15. Bxg4 Bxg4 16. Qe4 Bf5 17. Nxf5 Qxf5 18. Qxf5 gxf5 19. Rfd1 b6 20. Kf1
e5 21. f3 f4 22. Bf2 Bf6 23. Ke2 Kf8 24. Rac1 Rac8 25. Rxd8+ Rxd8 26. b3 Ke7
27. c4 Rc8 28. Rd1 Ke6 29. g3 Bg5 30. g4 Be7 31. h3 Rd8 32. Rxd8 Bxd8 33. Kd3
f5 34. Be1 Be7 35. Bf2 Bb4 36. Bh4 1/2-1/2

[Event "SW Summer Major"]
[Site "Penarth"]
[Date "2017.09.02"]
[Round "2.6"]
[White "Peters, Chris"]
[Black "Chung, Joel"]
[Result "1-0"]
[WhiteElo "1527"]
[BlackElo "1171"]
[PlyCount "61"]
[EventDate "2017.09.01"]
[EventCountry "WLS"]
[SourceDate "2017.09.07"]

1. e4 e5 2. Nf3 Nc6 3. Bb5 Bc5 4. O-O a6 5. Bxc6 bxc6 6. c3 d5 7. d4 Bb6 8.
dxe5 Ne7 9. Re1 O-O 10. Bg5 h6 11. Bh4 Qe8 12. Nbd2 Ng6 13. Bg3 Bb7 14. Nd4 c5
15. Nf5 Nxe5 16. exd5 f6 17. Bxe5 fxe5 18. Qg4 g6 19. Rxe5 Qxe5 20. Qxg6+ Kh8
21. Qxh6+ Kg8 22. Qg6+ Kh8 23. Qh5+ Kg8 24. Nh6+ Kh7 25. Qxe5 Kxh6 26. Re1 c4
27. Qe6+ Kg7 28. Nf3 Rad8 29. Re5 Rd6 30. Rg5+ Kh8 31. Qh3+ 1-0

[Event "SW Summer Major"]
[Site "Penarth"]
[Date "2017.09.02"]
[Round "3.1"]
[White "Macneil, Elliott"]
[Black "Livermore, Richard"]
[Result "0-1"]
[WhiteElo "1625"]
[BlackElo "1697"]
[PlyCount "161"]
[EventDate "2017.09.01"]
[EventCountry "WLS"]
[SourceDate "2017.09.07"]

1. d4 Nf6 2. Nf3 d5 3. Bf4 e6 4. e3 Bd6 5. Bg3 Bxg3 6. hxg3 Nc6 7. c3 Qd6 8.
Nbd2 e5 9. dxe5 Nxe5 10. Qb3 Nxf3+ 11. Nxf3 Qb6 12. Nd4 Qxb3 13. axb3 c6 14. f3
O-O 15. Bd3 a6 16. b4 g6 17. g4 Re8 18. Kd2 Be6 19. Rh2 Nd7 20. Rah1 Nf8 21.
Nb3 Re7 22. Na5 Rae8 23. Rh4 Bc8 24. Re1 Ne6 25. Nb3 b6 26. Ra1 Nc7 27. Re1 Ne6
28. Reh1 f6 29. f4 Nf8 30. Re1 g5 31. fxg5 fxg5 32. Rh5 Rg7 33. Bf5 Bxf5 34.
gxf5 Nd7 35. Nd4 Re5 36. Ne6 Rf7 37. Rxg5+ Kh8 38. Ra1 Rexf5 39. Rxf5 Rxf5 40.
Rxa6 Rf2+ 41. Kc1 Rxg2 42. Ra8+ Rg8 43. Ra7 Ne5 44. Rb7 Nc4 45. Rc7 Rg1+ 46.
Kc2 Rg2+ 47. Kc1 Rg1+ 48. Kc2 Rg2+ 49. Kb1 Rxb2+ 50. Kc1 Rg2 51. Rc8+ Rg8 52.
Rxc6 Rg1+ 53. Kc2 Rg2+ 54. Kb3 b5 55. Rc8+ Rg8 56. Rc5 Nxe3 57. Rxb5 h5 58. Nf4
h4 59. Nxd5 Nxd5 60. Rxd5 Kg7 61. Rg5+ Kf7 62. Rh5 Rg4 63. b5 Kg6 64. Rh8 Kg7
65. Ra8 h3 66. Ra1 h2 67. Rh1 Rh4 68. c4 Kf7 69. b6 Ke7 70. b7 Rh8 71. Rxh2 Rb8
72. Rh7+ Kd6 73. Ka4 Kc6 74. Ka5 Rg8 75. Ka6 Rg1 76. Ka7 Ra1+ 77. Kb8 Rg1 78.
Rc7+ Kb6 79. c5+ Ka6 80. Ka8 Rg8+ 81. b8=Q 0-1

[Event "SW Summer Major"]
[Site "Penarth"]
[Date "2017.09.02"]
[Round "3.2"]
[White "Fraser, Susanna"]
[Black "Peters, Chris"]
[Result "1-0"]
[WhiteElo "1655"]
[BlackElo "1527"]
[PlyCount "85"]
[EventDate "2017.09.01"]
[EventCountry "WLS"]
[SourceDate "2017.09.07"]

1. d4 Nf6 2. c4 g6 3. g3 d5 4. Bg2 Bg7 5. Nf3 O-O 6. O-O c6 7. cxd5 cxd5 8. Nc3
Bf5 9. Bf4 Ne4 10. Rc1 Nxc3 11. Rxc3 Na6 12. Qd2 Rc8 13. Rxc8 Qxc8 14. Rc1 Qd7
15. Bh6 Rc8 16. Bxg7 Rxc1+ 17. Qxc1 Kxg7 18. Ne5 Qc7 19. Qd2 Nb4 20. a3 Qc2 21.
Qxc2 Nxc2 22. Bxd5 Nxd4 23. e3 Nc6 24. Bxc6 bxc6 25. Nxc6 a6 26. Nxe7 Be4 27.
Nc8 Kf6 28. Kf1 Ke6 29. Nb6 Bd3+ 30. Ke1 Kd6 31. Na4 Bc2 32. Nc3 Kc5 33. Kd2
Bf5 34. b3 a5 35. Na4+ Kd5 36. f3 Bd7 37. Nb6+ Kc6 38. Nxd7 Kxd7 39. Kd3 Kc6
40. Ke4 f6 41. h3 Kc5 42. f4 h6 43. b4+ 1-0

[Event "SW Summer Major"]
[Site "Penarth"]
[Date "2017.09.02"]
[Round "3.3"]
[White "Jones, Jeremy"]
[Black "Lewis, David"]
[Result "0-1"]
[WhiteElo "1536"]
[BlackElo "1691"]
[PlyCount "92"]
[EventDate "2017.09.01"]
[EventCountry "WLS"]
[SourceDate "2017.09.07"]

1. d4 Nf6 2. c4 c5 3. d5 e6 4. dxe6 fxe6 5. Nf3 d5 6. e3 Nc6 7. Be2 Be7 8. O-O
O-O 9. b3 d4 10. Qc2 Nb4 11. Qd1 d3 12. Nc3 dxe2 13. Qxe2 Qc7 14. a3 Nc6 15.
Nb5 Qb8 16. Rd1 Ne4 17. Bb2 a6 18. Nc3 Nxc3 19. Bxc3 e5 20. Qb2 Bf6 21. Nd2 Bf5
22. e4 Bg4 23. f3 Be6 24. Nf1 Nd4 25. Ne3 Qe8 26. Nd5 Bxd5 27. cxd5 Qb5 28.
Bxd4 cxd4 29. Rac1 Rac8 30. Rc2 Bg5 31. h3 Be3+ 32. Kh1 Qb6 33. b4 Qd6 34. Qb3
Rxc2 35. Qxc2 Qd7 36. Qb3 Rxf3 37. d6+ Kh8 38. Qc2 Rxh3+ 39. gxh3 Qxh3+ 40. Qh2
Qf3+ 41. Qg2 Qxd1+ 42. Kh2 Qh5+ 43. Qh3 Qxh3+ 44. Kxh3 Bg5 45. Kg4 h6 46. Kf5
Bf6 0-1

[Event "SW Summer Major"]
[Site "Penarth"]
[Date "2017.09.02"]
[Round "3.4"]
[White "Stuart, Neil"]
[Black "Watkins, Peter"]
[Result "1-0"]
[WhiteElo "1689"]
[BlackElo "1314"]
[PlyCount "89"]
[EventDate "2017.09.01"]
[EventCountry "WLS"]
[SourceDate "2017.09.07"]

1. d4 d5 2. c4 e6 3. Nf3 Nf6 4. Bg5 Be7 5. e3 Nbd7 6. Nc3 c6 7. Qc2 dxc4 8.
Bxc4 Nd5 9. Bxe7 Qxe7 10. O-O N7f6 11. Rfe1 O-O 12. e4 Nxc3 13. bxc3 Nd7 14.
Rad1 e5 15. a4 Kh8 16. a5 f6 17. Qa4 Re8 18. Qb3 Nf8 19. dxe5 fxe5 20. Bf7 Rd8
21. Rxd8 Qxd8 22. Nxe5 Qe7 23. Nd3 Ne6 24. Bxe6 Bxe6 25. Qb2 Rd8 26. Nf4 Bc4
27. g3 Kg8 28. h4 Qd7 29. Rb1 Rb8 30. Qb4 Bf7 31. Qc5 a6 32. Qa7 Qc8 33. Qd4
Qc7 34. Qc5 Rd8 35. Qa7 Rb8 36. Rd1 Re8 37. f3 Rd8 38. Rxd8+ Qxd8 39. Qxb7 Qd1+
40. Kh2 Bc4 41. Qxc6 Qd2+ 42. Kh3 Bf1+ 43. Kg4 g6 44. Qd5+ Qxd5 45. Nxd5 1-0

[Event "SW Summer Major"]
[Site "Penarth"]
[Date "2017.09.02"]
[Round "3.5"]
[White "Choo Yin, Kam"]
[Black "Dantu, Sridatta"]
[Result "1-0"]
[WhiteElo "1616"]
[BlackElo "905"]
[PlyCount "75"]
[EventDate "2017.09.01"]
[EventCountry "WLS"]
[SourceDate "2017.09.07"]

1. c4 c5 2. Nc3 Nc6 3. g3 Nf6 4. Bg2 d6 5. e4 e5 6. Nge2 Be7 7. d3 O-O 8. O-O
Be6 9. Nd5 Bxd5 10. cxd5 Nd4 11. Nxd4 cxd4 12. f4 Rc8 13. Bh3 Rc5 14. Bd2 Rb5
15. Rb1 Qb6 16. b3 a5 17. Rc1 Ra8 18. Rc4 h6 19. Qc2 Kh7 20. Rc1 Rc5 21. Rxc5
dxc5 22. fxe5 Nd7 23. Bxd7 Rd8 24. Bf5+ g6 25. Bg4 h5 26. Bh3 Ra8 27. d6 Bd8
28. Qxc5 Qxc5 29. Rxc5 a4 30. b4 b6 31. Rc8 Rxc8 32. Bxc8 Kg7 33. h4 Kf8 34.
Bh6+ Kg8 35. e6 fxe6 36. Bxe6+ Kh7 37. Bg5 Bxg5 38. hxg5 1-0

[Event "SW Summer Major"]
[Site "Penarth"]
[Date "2017.09.02"]
[Round "3.6"]
[White "Chung, Joel"]
[Black "Davies, Gareth"]
[Result "0-1"]
[WhiteElo "1171"]
[BlackElo "1365"]
[PlyCount "122"]
[EventDate "2017.09.01"]
[EventCountry "WLS"]
[SourceDate "2017.09.07"]

1. e4 Nf6 2. e5 Nd5 3. d4 d6 4. c4 Nb6 5. Nc3 dxe5 6. dxe5 Qxd1+ 7. Nxd1 Bf5 8.
Nf3 e6 9. g3 N8d7 10. Bg2 c6 11. b3 Bb4+ 12. Bd2 Bxd2+ 13. Nxd2 Nxe5 14. O-O
Rd8 15. Nf3 Nd3 16. Ne3 Bg6 17. Rfd1 Ke7 18. Nc2 a5 19. Nce1 Nxe1 20. Nxe1 Rxd1
21. Rxd1 Rd8 22. Rxd8 Kxd8 23. Bf1 Bb1 24. a3 Ba2 25. c5 Nd5 26. Bd3 Bxb3 27.
Bxh7 g6 28. Nd3 Nf6 29. Ne5 Ke7 30. Bxg6 fxg6 31. Nxg6+ Ke8 32. h4 Bc2 33. Nf4
Kf7 34. f3 Nd7 35. h5 Nxc5 36. g4 e5 37. Nh3 Ne6 38. Kf2 b5 39. Ng1 b4 40. axb4
axb4 41. Ne2 c5 42. Kg3 b3 43. Kh4 b2 44. Nc3 b1=Q 45. Nxb1 Bxb1 46. g5 Nf4 47.
h6 Bf5 48. Kg3 c4 49. Kf2 c3 50. Ke1 Kg6 51. Kd1 Kxg5 52. h7 Bxh7 53. Kc1 Ne2+
54. Kd1 c2+ 55. Kxe2 c1=Q 56. Kf2 Kf4 57. Kg2 Bf5 58. Kf2 Qe3+ 59. Kg2 Qxf3+
60. Kg1 Be4 61. Kh2 Qg2# 0-1

[Event "SW Summer Major"]
[Site "Penarth"]
[Date "2017.09.03"]
[Round "4.1"]
[White "Fraser, Susanna"]
[Black "Macneil, Elliott"]
[Result "1/2-1/2"]
[WhiteElo "1655"]
[BlackElo "1625"]
[PlyCount "76"]
[EventDate "2017.09.01"]
[EventCountry "WLS"]
[SourceDate "2017.09.07"]

1. d4 f5 2. g3 Nf6 3. Bg2 g6 4. Nf3 d6 5. Bg5 Bg7 6. c4 O-O 7. Nc3 h6 8. Be3
Qe8 9. O-O Na6 10. a3 e5 11. dxe5 dxe5 12. Nd5 c6 13. Nxf6+ Rxf6 14. Qd2 Kh7
15. Rfd1 e4 16. Ne1 Be6 17. Rac1 Rf7 18. f3 exf3 19. Nxf3 Rd7 20. Qc2 Rxd1+ 21.
Rxd1 Bxc4 22. Bxh6 Qxe2 23. Rd2 Bd3 24. Rxe2 Bxc2 25. Bxg7 Kxg7 26. Rxc2 Kf6
27. Re2 Rd8 28. Kf2 Nc5 29. Nd2 Nd3+ 30. Kf1 Nc1 31. Re1 Rxd2 32. Rxc1 Rxb2 33.
Rc3 Ke5 34. Rc4 Ra2 35. a4 Ra1+ 36. Kf2 Ra2+ 37. Kg1 Ra1+ 38. Kf2 Ra2+ 1/2-1/2

[Event "SW Summer Major"]
[Site "Penarth"]
[Date "2017.09.03"]
[Round "4.2"]
[White "Choo Yin, Kam"]
[Black "Jeanes, Andrew"]
[Result "1/2-1/2"]
[WhiteElo "1616"]
[BlackElo "1622"]
[PlyCount "60"]
[EventDate "2017.09.01"]
[EventCountry "WLS"]
[SourceDate "2017.09.07"]

1. c4 c5 2. g3 d6 3. Bg2 Nc6 4. Nc3 e5 5. d3 f5 6. e4 Nf6 7. Nge2 Be7 8. O-O
O-O 9. f4 fxe4 10. Nxe4 Nxe4 11. Bxe4 Bh3 12. Rf2 Bf5 13. Bd5+ Kh8 14. Nc3 Qd7
15. Be3 Bf6 16. Rb1 Rae8 17. Ne4 exf4 18. Rxf4 Be5 19. Rf2 Nb4 20. Qd2 Nxd5 21.
cxd5 Bh3 22. Ng5 Kg8 23. Nxh3 Qxh3 24. Rbf1 Qd7 25. d4 cxd4 26. Bxd4 Rxf2 27.
Rxf2 Bxd4 28. Qxd4 Re1+ 29. Kg2 b6 30. Qf4 Re8 1/2-1/2

[Event "SW Summer Major"]
[Site "Penarth"]
[Date "2017.09.03"]
[Round "4.3"]
[White "Livermore, Richard"]
[Black "Stuart, Neil"]
[Result "1/2-1/2"]
[WhiteElo "1697"]
[BlackElo "1689"]
[PlyCount "97"]
[EventDate "2017.09.01"]
[EventCountry "WLS"]
[SourceDate "2017.09.07"]

1. d4 d5 2. Nf3 Nf6 3. e3 g6 4. c4 c6 5. Nc3 Bg7 6. Bd3 O-O 7. O-O Na6 8. cxd5
cxd5 9. Bxa6 bxa6 10. Qe2 Qd6 11. Bd2 Rb8 12. b3 Re8 13. Rfc1 Bf5 14. Nh4 Bd7
15. f4 Rec8 16. Nf3 Bf5 17. Be1 Ne4 18. Nxe4 Bxe4 19. Bg3 Qa3 20. Qd2 Bf5 21.
Nh4 Bd7 22. f5 Ra8 23. fxg6 hxg6 24. Nf3 a5 25. Ne1 Qb4 26. Qxb4 axb4 27. Nd3
a5 28. Rc7 Rxc7 29. Bxc7 Bb5 30. Nc5 a4 31. bxa4 Bxa4 32. Rb1 Bc2 33. Rb2 Be4
34. Nb3 f6 35. Ba5 e5 36. dxe5 fxe5 37. Bxb4 d4 38. exd4 exd4 39. Rd2 d3 40. a3
Rc8 41. Bc5 Bh6 42. Rd1 d2 43. Bb4 Bc2 44. Rxd2 Bxd2 45. Nxd2 Ba4 46. Kf2 Kf7
47. h4 Rc2 48. g3 Bc6 49. Ke3 1/2-1/2

[Event "SW Summer Major"]
[Site "Penarth"]
[Date "2017.09.03"]
[Round "4.4"]
[White "Davies, Gareth"]
[Black "Jones, Jeremy"]
[Result "0-1"]
[WhiteElo "1365"]
[BlackElo "1536"]
[PlyCount "58"]
[EventDate "2017.09.01"]
[EventCountry "WLS"]
[SourceDate "2017.09.07"]

1. d4 d5 2. Bf4 Bf5 3. Nf3 Nf6 4. e3 e6 5. Nbd2 Nbd7 6. Be2 c5 7. c3 cxd4 8.
cxd4 Bb4 9. O-O O-O 10. a3 Ba5 11. b4 Bb6 12. Nh4 Rc8 13. Nxf5 exf5 14. Rc1 Bc7
15. Bxc7 Rxc7 16. Rxc7 Qxc7 17. Qc1 Rc8 18. Qxc7 Rxc7 19. Nb1 Ne4 20. f3 Nc3
21. Nxc3 Rxc3 22. Ra1 Rxe3 23. Kf2 Rc3 24. a4 Kf8 25. Ra2 Ke7 26. Rd2 Nb6 27.
Bd1 Nc4 28. Rc2 Rd3 29. Re2+ Kf6 0-1

[Event "SW Summer Major"]
[Site "Penarth"]
[Date "2017.09.03"]
[Round "4.5"]
[White "Peters, Chris"]
[Black "Chung, Daniel"]
[Result "1-0"]
[WhiteElo "1527"]
[BlackElo "1261"]
[PlyCount "67"]
[EventDate "2017.09.01"]
[EventCountry "WLS"]
[SourceDate "2017.09.07"]

1. e4 c5 2. Nf3 e6 3. c4 d6 4. Nc3 Nc6 5. d4 cxd4 6. Nxd4 Nxd4 7. Qxd4 Nf6 8.
Bg5 Be7 9. Rd1 e5 10. Qd2 b6 11. f3 Bb7 12. Nb5 O-O 13. Bxf6 gxf6 14. Be2 Qd7
15. O-O Rfd8 16. Nc3 Rac8 17. f4 Ba6 18. a3 Bb7 19. f5 Bc6 20. Rf3 Kf8 21. Rh3
Ke8 22. Rxh7 Bf8 23. Bh5 Rc7 24. Nd5 Bxd5 25. Qxd5 Rdc8 26. Rxf7 Qxf7 27. Bxf7+
Rxf7 28. Qe6+ Re7 29. Qxc8+ Kf7 30. Rxd6 Re8 31. Rxf6+ Kxf6 32. Qxe8 Bc5+ 33.
Kf1 Be7 34. Qg6# 1-0

[Event "SW Summer Major"]
[Site "Penarth"]
[Date "2017.09.03"]
[Round "5.1"]
[White "Stuart, Neil"]
[Black "Fraser, Susanna"]
[Result "1-0"]
[WhiteElo "1689"]
[BlackElo "1655"]
[PlyCount "119"]
[EventDate "2017.09.01"]
[EventCountry "WLS"]
[SourceDate "2017.09.07"]

1. d4 d5 2. c4 e6 3. Nf3 Nf6 4. Bg5 Be7 5. e3 O-O 6. Nc3 b6 7. cxd5 Nxd5 8.
Bxe7 Nxe7 9. Bd3 Nd5 10. O-O Bb7 11. Rc1 Nd7 12. Re1 c5 13. e4 cxd4 14. Nxd4
Nxc3 15. Rxc3 Nc5 16. Bb1 e5 17. Nf3 Qxd1 18. Rxd1 Nxe4 19. Bxe4 Bxe4 20. Nxe5
Rad8 21. Rcc1 h6 22. f3 Bf5 23. Nc6 Rxd1+ 24. Rxd1 a5 25. Ne7+ Kh7 26. Nxf5 Rc8
27. Rd2 g6 28. Ne3 Kg7 29. Kf2 Rc6 30. Rc2 Re6 31. Nc4 Kf6 32. Rd2 Kf5 33. Rd5+
Kf6 34. Rd6 Rxd6 35. Nxd6 a4 36. Ke3 Ke6 37. Ne4 f6 38. a3 f5 39. Nc3 Kd6 40.
Nxa4 b5 41. Nc3 Kc5 42. Kd3 b4 43. axb4+ Kxb4 44. Kc2 Kc4 45. Ne2 Kb4 46. Nf4
g5 47. Nd5+ Kc4 48. Ne3+ Kb4 49. Nxf5 h5 50. Ng3 g4 51. Nxh5 gxf3 52. gxf3 Kc4
53. f4 Kc5 54. f5 Kc4 55. f6 Kc5 56. f7 Kc4 57. b3+ Kd4 58. f8=Q Kd5 59. Nf6+
Kc6 60. Kc3 1-0

[Event "SW Summer Major"]
[Site "Penarth"]
[Date "2017.09.03"]
[Round "5.2"]
[White "Jeanes, Andrew"]
[Black "Macneil, Elliott"]
[Result "0-1"]
[WhiteElo "1622"]
[BlackElo "1625"]
[PlyCount "118"]
[EventDate "2017.09.01"]
[EventCountry "WLS"]
[SourceDate "2017.09.07"]

1. c4 f5 2. d4 Nf6 3. Nc3 g6 4. Bg5 Bg7 5. e3 O-O 6. f4 h6 7. Bh4 d6 8. Nf3 Na6
9. Be2 c5 10. O-O Bd7 11. a3 Qb6 12. Rb1 e6 13. Bf2 Bc6 14. d5 exd5 15. Nxd5
Bxd5 16. cxd5 Nc7 17. Bc4 a5 18. Qd3 a4 19. Nd2 Rfe8 20. Rfe1 Qa5 21. e4 fxe4
22. Nxe4 Nxe4 23. Rxe4 b5 24. Ba2 Kh7 25. Be1 Qa7 26. Bf2 Rxe4 27. Qxe4 Re8 28.
Qf3 Na6 29. b4 Qd7 30. bxc5 dxc5 31. Qd3 c4 32. Bxc4 bxc4 33. Qxc4 Nc7 34. Rd1
Rb8 35. Bg3 Rc8 36. Qe4 Re8 37. Qc4 Rc8 38. Qe4 Ne8 39. h4 Nf6 40. Qd3 h5 41.
Bf2 Rd8 42. d6 Ne8 43. Bb6 Rb8 44. Bc5 Rb3 45. Qe4 Nf6 46. Qe7 Qg4 47. Rf1 Rb2
48. Rf2 Rb1+ 49. Rf1 Rxf1+ 50. Kxf1 Qxf4+ 51. Ke1 Qxh4+ 52. Bf2 Qg4 53. Qa7
Qe6+ 54. Kf1 Qc4+ 55. Kg1 Qc1+ 56. Kh2 Ng4+ 57. Kh3 Nxf2+ 58. Qxf2 Qxa3+ 59. g3
Qxd6 0-1

[Event "SW Summer Major"]
[Site "Penarth"]
[Date "2017.09.03"]
[Round "5.3"]
[White "Lewis, David"]
[Black "Peters, Chris"]
[Result "0-1"]
[WhiteElo "1691"]
[BlackElo "1527"]
[Annotator ",jthornton126@btinter"]
[PlyCount "50"]
[EventDate "2017.09.01"]
[EventCountry "WLS"]
[SourceDate "2017.09.07"]

1. e4 e5 2. Nf3 Nc6 3. Bc4 Be7 4. O-O d6 5. c3 Bg4 6. b4 Bxf3 7. Qxf3 Nf6 8. a4
Qd7 9. Na3 Qg4 10. Qxg4 Nxg4 11. Nc2 Nd8 12. d3 Ne6 13. f3 Nf6 14. Be3 h5 15.
f4 exf4 16. Bxf4 Nxf4 17. Rxf4 Rd8 18. Raf1 c6 19. Bb3 O-O 20. Ne3 d5 21. Nf5
Rd7 22. e5 Ng4 23. e6 Rc7 24. d4 Bg5 25. R4f3 Nh6 {Black won on time} 0-1

[Event "SW Summer Major"]
[Site "Penarth"]
[Date "2017.09.03"]
[Round "5.4"]
[White "Jones, Jeremy"]
[Black "Choo Yin, Kam"]
[Result "0-1"]
[WhiteElo "1536"]
[BlackElo "1616"]
[PlyCount "94"]
[EventDate "2017.09.01"]
[EventCountry "WLS"]
[SourceDate "2017.09.07"]

1. d4 Nf6 2. c4 e6 3. Nc3 Bb4 4. f3 d5 5. cxd5 exd5 6. e3 Bf5 7. Bd3 Bxd3 8.
Qxd3 O-O 9. Bd2 c5 10. dxc5 Bxc5 11. Nge2 Nc6 12. O-O-O a6 13. Nd4 Nb4 14. Qf1
Rc8 15. a3 Nc6 16. Nxc6 Rxc6 17. Kb1 Qc7 18. Rc1 Rc8 19. Na4 Nd7 20. b4 Be7 21.
Rxc6 bxc6 22. Nc3 a5 23. b5 cxb5 24. Qc1 Qe5 25. f4 Qf5+ 26. Ka2 b4 27. Qb1
Qxb1+ 28. Nxb1 Rb8 29. axb4 axb4 30. Rc1 b3+ 31. Kb2 Nc5 32. Nc3 Nd3+ 33. Kb1
Nxc1 34. Bxc1 Bf6 35. Nxd5 Bd8 36. Bd2 Rb5 37. Nc3 Rb7 38. Ne2 Bf6 39. e4 Rd7
40. Bc1 b2 41. e5 bxc1=Q+ 42. Kxc1 Be7 43. Kc2 Bc5 44. Kc3 Be3 45. g3 Rd2 46.
Nc1 Rxh2 47. Kd3 Bxc1 0-1